Statistics for Golden State Warriors All Stars: NBA

Click here to take the quiz!

General Stats

  • This quiz has been taken 19 times
  • The average score is 11 of 30

Answer Stats

CareerCareer With WarriorsAll StarsPlayer% Correct
2013-2013-4xDraymond Green
100%
2008-2017-201914xKevin Durant
100%
2012-2012-5xKlay Thompson
100%
2010-2010-10xStephen Curry
100%
1960-19731960-196513xWilt Chamberlain
94%
1966-19801966-197812xRick Barry
88%
2015-2020-1xAndrew Wiggins
69%
1986-20011986-1997, 20015xChris Mullin
69%
1990-20031990-19965xTim Hardaway
69%
1964-19771964-19747xNate Thurmond
63%
1951-19621951-196210xPaul Arizin
56%
1947-19541947-19542xJoe Fulks
44%
1993-20051993-19984xLatrell Sprewell
44%
2006-20172011-20152xDavid Lee
38%
1952-19591952-19596xNeil Johnston
25%
1981-19911981-19881xJoe Barry Carroll
19%
1967-19781972-19741xCazzie Russell
13%
1965-19761967-19763xJeff Mullins
13%
1978-19931981-19824xBernard King
6%
1975-19861975-19773xJamaal Wilkes
6%
1964-19741970-19717xJerry Lucas
6%
1983-19951983-19881xSleepy Floyd
6%
1948-19581951-19535xAndy Phillip
0%
1959-19701959-19664xGuy Rodgers
0%
1954-19611954-19582xJack George
0%
1975-19831975-19802xPhil Smith
0%
1960-19691968-19695xRudy LaRusso
0%
1956-19661956-19635xTom Gola
0%
1962-19711962-19671xTom Meschery
0%
1958-19661958-19601xWoody Sauldsberry
0%

Score Distribution

Percentile by Number Answered

Percent of People with Each Score

Your Score History

You have not taken this quiz